| 000 | 00749nam a2200217 a 4500 | ||
|---|---|---|---|
| 005 | 20180803164846.0 | ||
| 008 | 140224b1996 ck ||||| |||| 00| 0 spa d | ||
| 040 |
_aCO-BoIAVH _cCO-BoIAVH |
||
| 041 | _aspa | ||
| 090 |
_aLB _b00938 |
||
| 100 |
_aHerrera, María Mercedes _910085 |
||
| 245 | _aCaracterísticas botánicas y productivas de las principales especies y variedades alimenticias usadas y cultivadas en el transecto del citará del Chocó Biogeográfico | ||
| 260 |
_aBogotá _bProyecto Biopacífico _c1996 |
||
| 300 | _a130 p. | ||
| 650 |
_aEtnobotánica _944650 |
||
| 650 |
_aAlimentación _944651 |
||
| 650 |
_aVegetación _944652 |
||
| 650 |
_aInventarios _992201 |
||
| 662 |
_aColombia _cTransecto Citará _bChocó |
||
| 942 |
_cINFORME _2z |
||
| 999 |
_c950 _d950 |
||